02070nam a2200289 i 4500001000700000003000900007005001700016008004100033245008700074260005500161300002200216505097800238650002501216650004901241700004401290700004001334700004801374700003101422700003301453700003901486700002701525700004101552700002801593852002001621999001901641952012001660184074ES-MaACL20251003163820.0150304s1929 fr |||| | fre d00aPatrologia orientalis. nTomus vicesimus / c[édité par] R. Graffin et F. Nau. aParis : bFirmin-Didot et cie, éditeurs, c1929. a828 p. ; c28 cm.8 aContiene: Moufazzal ibn Abil-Fazaïl : Histoire des Sultans Malouks. III / texte arabe publié et traduit en français par E. Blochet. - 1930 ; Fasc. 1 Les Homiliae Cathedrales de Sévère d'Antioche : traduction syriaque de Jacques d'Édesse (suite) / Homélies LXXVIII à LXXXIII éditées et traduites en français par Maurice Brière. - 1930 ; Fasc. 2 The old georgian version of the Gospel of Mark : from the Adysh Gospels with the variants of the Opiza and Tbet? Gospels / edited with a latin translation by Robert P. Blake. - 1930 ; Fasc. 3 Livre de la lampe des ténèbres et de l'exposition (lumineuse) du service (de l'Église) par Abû'l-Barakât connu sous le nom d'Ibn Kabar / texte arabe édité par Dom Louis Villecourt o.s.b.,... ; avec le concours de Mgr Eugène Tisserand,... et M. Gaston Wiet,.... - 1930 ; Fasc. 4 Le synaxaire arabe jacobite (rédaction copte). VI, Additions et corrections, Tables / par René Basset,.... - 1930 aPatrística.91589507aLiteratura cristiana primitiva2embne9145291 aMufaddal ibn Abi al-Fada'il al.91562051 aBlochet, Edgar, d1870-193791564651 aBlake, Robert Pierpont, c1886-195091564731 aVillecourt, Louis.91564741 aTisserand, Eugène.91564751 aWiet, Gaston (d1887-1971)91564760 aBasset, René.9263151 aGraffin, René, d1858-194191561631 aNau, François.985006 aES-MaACLjG-709 c184074d184074 00104070aATENEOMbATENEOMcDEPO2d2015-03-04eSCl0oG-709p1193563r2023-02-23 00:00:00w2023-02-23yMONOGRAFIA